| 000 | 00363nam a2200121Ia 4500 | ||
|---|---|---|---|
| 008 | 210430s9999 xx 000 0 und d | ||
| 082 | _a669 P532 P | ||
| 100 |
_aDr. Anwar Ul Haq _954029 |
||
| 245 |
_aPhase Transformations _96 _cDr. Anwar Ul Haq |
||
| 260 |
_aPakistan _bDr. A.Q Khan Research Laboratories, Kahuta _c1996 |
||
| 300 | _a256 P. | ||
| 942 |
_cBK _2ddc |
||
| 999 |
_c564475 _d564475 |
||